| 000 | 00753 a2200253 4500 | ||
|---|---|---|---|
| 502 | _aThèse de 3è cycle | ||
| 653 | 1 | _aSciences agronomiques | |
| 100 | _aHounzangbé, Mawulé M. Sylvie | ||
| 245 | _aEtude du cycle oestraf et de l'anoestrus post-partum chez la brebis djallonké infestée (strongylose et coccidiose) | ||
| 300 | _aVII-126 p. | ||
| 650 | _aELEVAGE | ||
| 650 | _aPRODUCTION ANIMALE | ||
| 650 | _aOVIN | ||
| 650 | _aBREBIS | ||
| 650 | _aCYCLE OESTRAL | ||
| 650 | _aOVULATION | ||
| 650 | _aFECONDATION | ||
| 130 | _lFr | ||
| 710 | _aAbidjan, Université nationale de Côte d'Ivoire, Faculté des Sciences et Techniques, CI | ||
| 653 | 1 | _aProduction animale | |
| 651 | _aBENIN | ||
| 651 | _aCOTE D'IVOIRE | ||
| 999 |
_c31121 _d31121 |
||